Juan Carlos (Registro nro. 44155)
[ vista simple ]
| 000 -CABECERA | |
|---|---|
| campo de control de longitud fija | 00593nam a2200241 i 4500 |
| 001 - NÚMERO DE CONTROL | |
| campo de control | 44155 |
| 003 - IDENTIFICADOR DEL NÚMERO DE CONTROL | |
| campo de control | ES-MaBCM |
| 005 - FECHA Y HORA DE LA ÚLTIMA TRANSACCIÓN | |
| campo de control | 20241016104644.0 |
| 008 - CÓDIGOS DE INFORMACIÓN DE LONGITUD FIJA | |
| campo de control de longitud fija | 960303s1985 ita 000 0 ita d |
| 020 ## - NÚMERO INTERNACIONAL NORMALIZADO PARA LIBROS(ISBN) | |
| Número Internacional Normalizado para Libros (ISBN) | 88-17-53819-1 |
| 021 ## - | |
| -- | xx |
| 035 ## - NÚMERO DE CONTROL DEL SISTEMA | |
| Número de control de sistema | (OCoLC)1365200166 |
| 040 ## - FUENTE DE LA CATALOGACIÓN | |
| Centro transcriptor | ES-MaBCM |
| 041 0# - CÓDIGO DE LENGUA | |
| Código de lengua del texto/banda sonora o título independiente | ita |
| 043 ## - CÓDIGO DE ÁREA GEOGRÁFICA | |
| Código de área geográfica | ita |
| 100 1# - PUNTO DE ACCESO PRINCIPAL - NOMBRE DE PERSONA | |
| Nombre de persona | Uboldi, Raffaello |
| 9 (RLIN) | 47144 |
| 245 10 - MENCIÓN DE TÍTULO | |
| Título | Juan Carlos |
| Mención de responsabilidad etc. | Raffaello Uboldi |
| 260 ## - PUBLICACIÓN, DISTRIBUCIÓN, ETC. (PIE DE IMPRENTA) | |
| Lugar de publicación distribución etc. | Milano : |
| Nombre del editor distribuidor etc. | Rizzole, |
| Fecha de publicación distribución etc. | 1985 |
| 300 ## - DESCRIPCIÓN FÍSICA | |
| Extensión | 199 p. |
| Dimensiones | 22 cm |
| 600 #7 - PUNTO DE ACCESO ADICIONAL DE MATERIA--NOMBRE DE PERSONA | |
| Nombre de persona | Juan Carlos |
| Numeración | I, |
| Títulos y otros términos asociados al nombre | Rey de España |
| Fuente del encabezamiento o término | |
| 9 (RLIN) | 94816 |
| 655 #4 - TÉRMINO DE INDIZACIÓN--GÉNERO/FORMA | |
| Datos o término principal de género/forma | Biografía |
| 9 (RLIN) | 115822 |
| 942 ## - ELEMENTOS DE PUNTO DE ACCESO ADICIONAL (KOHA) | |
| Tipo de ítem Koha | Libros |
| Estado de retiro | Estado de pérdida | Fuente del sistema de clasificación o colocación | Estado dañado | No para préstamo | Localización permanente | Ubicación/localización actual | Ubicación en estantería | Fecha de adquisición | Fuente de adquisición | Número de inventario | Número de registro | Signatura topográfica completa | Código de barras | Precio válido a partir de | Tipo de ítem Koha |
|---|---|---|---|---|---|---|---|---|---|---|---|---|---|---|---|
| Biblioteca Central del Ministerio de la Presidencia | Biblioteca Central del Ministerio de la Presidencia | Sala | 03/03/1996 | Compra | 47294 | 47294 | 24054 | 1040717 | 03/03/1996 | Libros |
